Online
Catalog

Conversaciones con Azorín / (Record no. 18178)

MARC details
000 -CABECERA
campo de control de longitud fija 00913cam a2200277 a 4500
001 - NÚMERO DE CONTROL
campo de control 000018658
005 - FECHA Y HORA DE LA ÚLTIMA TRANSACCIÓN
campo de control 20200929165833.0
008 - DATOS DE LONGITUD FIJA--INFORMACIÓN GENERAL
campo de control de longitud fija 910208s1964 sp ac 001 0 spa d
035 ## - NÚMERO DE CONTROL DEL SISTEMA
Número de control de sistema (DLC) 66056419
035 ## - NÚMERO DE CONTROL DEL SISTEMA
Número de control de sistema (OCoLC)23074491
040 ## - FUENTE DE LA CATALOGACIÓN
Centro catalogador/agencia de origen DO-SdBNP
Centro/agencia transcriptor NJQ
Centro/agencia modificador OClU
-- OCoLC
-- DLC
-- BNPHU
042 ## - CÓDIGO DE AUTENTICACIÓN
Código de autenticación premarc
082 ## - NÚMERO DE LA CLASIFICACIÓN DECIMAL DEWEY
Número de clasificación 928.6
Número de documento/Ítem A996c
049 ## - FONDOS LOCALES (OCLC)
Fondos de biblioteca BNGR
100 0# - ENTRADA PRINCIPAL--NOMBRE DE PERSONA
Nombre de persona Azorín,
Fechas asociadas al nombre 1873-1967.
9 (RLIN) 5278
245 10 - MENCIÓN DE TÍTULO
Título Conversaciones con Azorín /
Mención de responsabilidad, etc. José Augusto Trinidad Martínez Ruiz ; prólogo Jorge Campos.
260 ## - PUBLICACIÓN, DISTRIBUCIÓN, ETC.
Lugar de publicación, distribución, etc. Madrid :
Nombre del editor, distribuidor, etc. Taurus Ediciones,
Fecha de publicación, distribución, etc. 1964.
300 ## - DESCRIPCIÓN FÍSICA
Extensión 285 p. :
Otras características físicas il., retrs. ;
Dimensiones 21 cm.
490 1# - MENCIÓN DE SERIE
Mención de serie Diálogos
500 ## - NOTA GENERAL
Nota general Incluye índice.
600 10 - PUNTO DE ACCESO ADICIONAL DE MATERIA--NOMBRE DE PERSONA
Nombre de persona AZORIN,
Fechas asociadas al nombre 1873-1967.
Subdivisión general ENTRVISTA
9 (RLIN) 40302
650 #4 - PUNTO DE ACCESO ADICIONAL DE MATERIA--TÉRMINO DE MATERIA
Término de materia o nombre geográfico como elemento de entrada Literatura española
Subdivisión general Historia y crítica
Subdivisión cronológica SIGLO XX
9 (RLIN) 9848
700 1# - PUNTO DE ACCESO ADICIONAL--NOMBRE DE PERSONA
Nombre de persona Campos, Jorge.
Término indicativo de función/relación pról.
9 (RLIN) 3499
830 #0 - PUNTO DE ACCESO ADICIONAL DE SERIE-TÍTULO UNIFORME
Título uniforme Diálogos ;
9 (RLIN) 40303
910 ## - DATOS DE OPCIÓN DEL USUARIO (OCLC)
Datos de opción del usuario Catalogación derivada / LC
Holdings
Estado de retiro Estado de pérdida Restricciones de uso No para préstamo Código de colección Localización permanente Ubicación/localización actual Ubicación en estantería Fecha de adquisición Número de inventario Total de préstamos Signatura topográfica completa Código de barras Fecha visto por última vez Precio válido a partir de Tipo de ítem Koha
        Monografías: Libros y Folletos General General En catalogación 12.05.2010 LF1   928.6 A996c 18658-10 25.06.2020 25.06.2020 Préstamo en sala

Powered by Koha